[Event "Russian Championship (Rapid, Women)"]
[Site "Sochi"]
[Date "2018.10.06"]
[Round "10.2"]
[White "Voit, Daria"]
[Black "Shuvalova, Polina"]
[Result "0-1"]
[BlackElo "2342"]
[WhiteElo "2355"]
[LiveChessVersion "1.4.8"]

1. Nf3 {[%clk 0:15:19]} Nf6 {[%clk 0:15:18]} 2. c4 {[%clk 0:15:27]} e6
{[%clk 0:15:25]} 3. g3 {[%clk 0:15:36]} d5 {[%clk 0:15:33]} 4. Bg2
{[%clk 0:15:44]} d4 {[%clk 0:15:22]} 5. O-O {[%clk 0:15:51]} c5 {[%clk 0:15:30]}
6. d3 {[%clk 0:16:00]} Nc6 {[%clk 0:15:36]} 7. e3 {[%clk 0:16:08]} Be7
{[%clk 0:15:27]} 8. exd4 {[%clk 0:16:10]} cxd4 {[%clk 0:15:30]} 9. Re1
{[%clk 0:16:12]} O-O {[%clk 0:15:03]} 10. a3 {[%clk 0:16:21]} a5 {[%clk 0:15:06]}
11. Ne5 {[%clk 0:16:29]} Nxe5 {[%clk 0:14:39]} 12. Rxe5 {[%clk 0:16:37]} Bd7
{[%clk 0:12:34]} 13. Bxb7 {[%clk 0:16:18]} Rb8 {[%clk 0:12:14]} 14. Bg2
{[%clk 0:16:11]} a4 {[%clk 0:12:07]} 15. Nd2 {[%clk 0:15:40]} Qc7
{[%clk 0:11:57]} 16. Re1 {[%clk 0:15:44]} Bc6 {[%clk 0:11:31]} 17. Bxc6
{[%clk 0:14:32]} Qxc6 {[%clk 0:11:40]} 18. b4 {[%clk 0:14:32]} axb3
{[%clk 0:11:42]} 19. Nxb3 {[%clk 0:14:40]} Rfd8 {[%clk 0:11:31]} 20. Bf4
{[%clk 0:12:32]} Ra8 {[%clk 0:11:29]} 21. Be5 {[%clk 0:12:36]} Rxa3
{[%clk 0:08:36]} 22. Rxa3 {[%clk 0:09:42]} Bxa3 {[%clk 0:08:45]} 23. Nxd4
{[%clk 0:09:44]} Qd7 {[%clk 0:08:20]} 24. Nb5 {[%clk 0:08:29]} Bb4
{[%clk 0:04:58]} 25. Bxf6 {[%clk 0:07:56]} gxf6 {[%clk 0:04:56]} 26. Qg4+
{[%clk 0:08:04]} Kf8 {[%clk 0:04:54]} 27. Rd1 {[%clk 0:08:12]} Qc6
{[%clk 0:04:35]} 28. Qf4 {[%clk 0:06:33]} Kg7 {[%clk 0:04:13]} 29. Nd4
{[%clk 0:05:27]} Qa6 {[%clk 0:03:38]} 30. Nc2 {[%clk 0:04:18]} Bc5
{[%clk 0:03:26]} 31. d4 {[%clk 0:03:23]} Qxc4 {[%clk 0:03:02]} 32. Ne3
{[%clk 0:01:54]} Qe2 {[%clk 0:03:10]} 33. Rd2 {[%clk 0:00:50]} Qh5
{[%clk 0:02:48]} 34. h4 {[%clk 0:00:37]} Bd6 {[%clk 0:01:42]} 35. Qe4
{[%clk 0:00:34]} f5 {[%clk 0:01:30]} 36. Qc6 {[%clk 0:00:26]} f4 {[%clk 0:01:33]}
37. Nc4 {[%clk 0:00:27]} Bb4 {[%clk 0:01:13]} 38. Qb6 {[%clk 0:00:24]} Bxd2
{[%clk 0:00:45]} 39. Qxd8 {[%clk 0:00:32]} Qd1+ {[%clk 0:00:49]} 40. Kg2
{[%clk 0:00:25]} f3+ {[%clk 0:00:54]} 41. Kh3 {[%clk 0:00:34]} h5
{[%clk 0:00:41]} 42. Kh2 {[%clk 0:00:24]} Qf1 {[%clk 0:00:46]} 0-1

[Event "Russian Championship (Rapid, Women)"]
[Site "Sochi"]
[Date "2018.10.06"]
[Round "10.3"]
[White "Dordzhieva, Dinara"]
[Black "Borisova, Ekaterina"]
[Result "1-0"]
[BlackElo "2040"]
[WhiteElo "2248"]
[LiveChessVersion "1.4.8"]

1. Nf3 {[%clk 0:15:18]} Nf6 {[%clk 0:15:18]} 2. g3 {[%clk 0:15:27]} g6
{[%clk 0:15:27]} 3. Bg2 {[%clk 0:15:35]} Bg7 {[%clk 0:15:36]} 4. c4
{[%clk 0:15:44]} c6 {[%clk 0:15:45]} 5. d4 {[%clk 0:15:06]} d5 {[%clk 0:15:52]}
6. cxd5 {[%clk 0:15:15]} cxd5 {[%clk 0:16:01]} 7. Ne5 {[%clk 0:15:24]} O-O
{[%clk 0:15:56]} 8. O-O {[%clk 0:15:32]} Ng4 {[%clk 0:16:03]} 9. Nxg4
{[%clk 0:14:50]} Bxg4 {[%clk 0:16:12]} 10. Nc3 {[%clk 0:14:59]} Nc6
{[%clk 0:16:00]} 11. h3 {[%clk 0:15:06]} Bf5 {[%clk 0:14:23]} 12. e3
{[%clk 0:14:56]} Qd7 {[%clk 0:09:58]} 13. Kh2 {[%clk 0:14:26]} Be6
{[%clk 0:10:02]} 14. Bd2 {[%clk 0:14:32]} Rac8 {[%clk 0:09:58]} 15. Rc1
{[%clk 0:14:26]} f6 {[%clk 0:09:44]} 16. Na4 {[%clk 0:13:18]} b6 {[%clk 0:09:31]}
17. b4 {[%clk 0:13:27]} Bf7 {[%clk 0:07:32]} 18. Qb3 {[%clk 0:11:50]} e5
{[%clk 0:06:45]} 19. b5 {[%clk 0:11:57]} Ne7 {[%clk 0:06:25]} 20. Nc3
{[%clk 0:11:40]} Rfd8 {[%clk 0:06:08]} 21. Rfd1 {[%clk 0:09:37]} Nf5
{[%clk 0:04:32]} 22. Be1 {[%clk 0:09:22]} e4 {[%clk 0:04:14]} 23. Bf1
{[%clk 0:07:20]} Nd6 {[%clk 0:02:54]} 24. Rc2 {[%clk 0:07:04]} Nc4
{[%clk 0:02:38]} 25. Rdc1 {[%clk 0:07:13]} Na5 {[%clk 0:02:18]} 26. Qa4
{[%clk 0:06:47]} h5 {[%clk 0:01:57]} 27. h4 {[%clk 0:06:48]} Rc7 {[%clk 0:01:21]}
28. Nb1 {[%clk 0:05:02]} Rdc8 {[%clk 0:00:58]} 29. Bxa5 {[%clk 0:03:57]} bxa5
{[%clk 0:01:03]} 30. Rc6 {[%clk 0:03:54]} g5 {[%clk 0:00:26]} 31. Bh3
{[%clk 0:03:49]} g4 {[%clk 0:00:28]} 32. Bf1 {[%clk 0:03:57]} Bf8
{[%clk 0:00:34]} 33. Qxa5 {[%clk 0:03:20]} Rxc6 {[%clk 0:00:30]} 34. bxc6
{[%clk 0:03:27]} Qd6 {[%clk 0:00:24]} 35. c7 {[%clk 0:03:09]} Qb6
{[%clk 0:00:22]} 36. Qxb6 {[%clk 0:03:10]} axb6 {[%clk 0:00:31]} 37. Ba6
{[%clk 0:03:19]} 1-0

[Event "Russian Championship (Rapid, Women)"]
[Site "Sochi"]
[Date "2018.10.06"]
[Round "10.4"]
[White "Bivol, Alina"]
[Black "Drozdova, Dina"]
[Result "1/2-1/2"]
[BlackElo "2206"]
[WhiteElo "2322"]
[LiveChessVersion "1.4.8"]

1. Nf3 {[%clk 0:15:19]} Nf6 {[%clk 0:15:19]} 2. g3 {[%clk 0:15:28]} b6
{[%clk 0:15:26]} 3. Bg2 {[%clk 0:15:36]} Bb7 {[%clk 0:15:36]} 4. c4
{[%clk 0:15:44]} c5 {[%clk 0:15:40]} 5. Nc3 {[%clk 0:15:50]} e6 {[%clk 0:15:49]}
6. O-O {[%clk 0:15:57]} Be7 {[%clk 0:15:55]} 7. e3 {[%clk 0:16:01]} d6
{[%clk 0:15:59]} 8. d4 {[%clk 0:16:07]} cxd4 {[%clk 0:16:03]} 9. exd4
{[%clk 0:16:15]} O-O {[%clk 0:16:06]} 10. b3 {[%clk 0:16:13]} Nbd7
{[%clk 0:16:11]} 11. Bb2 {[%clk 0:16:17]} Rc8 {[%clk 0:16:03]} 12. Rc1
{[%clk 0:16:23]} a6 {[%clk 0:16:01]} 13. Qe2 {[%clk 0:16:28]} Re8
{[%clk 0:16:05]} 14. Rfe1 {[%clk 0:16:10]} Bf8 {[%clk 0:16:11]} 15. Qd2
{[%clk 0:16:11]} Rc7 {[%clk 0:16:07]} 16. d5 {[%clk 0:16:09]} exd5
{[%clk 0:14:56]} 17. cxd5 {[%clk 0:15:46]} Rxe1+ {[%clk 0:14:39]} 18. Rxe1
{[%clk 0:15:49]} b5 {[%clk 0:14:46]} 19. a3 {[%clk 0:14:04]} Nb6 {[%clk 0:10:14]}
20. Nh4 {[%clk 0:14:12]} Nbd7 {[%clk 0:06:05]} 21. Nf5 {[%clk 0:14:07]} Ne5
{[%clk 0:05:35]} 22. f4 {[%clk 0:13:26]} Ng6 {[%clk 0:05:06]} 23. Nd4
{[%clk 0:12:58]} Re7 {[%clk 0:04:53]} 24. Rd1 {[%clk 0:10:59]} Qb6
{[%clk 0:04:49]} 25. h3 {[%clk 0:10:37]} Re8 {[%clk 0:04:10]} 26. Kh2
{[%clk 0:10:39]} Ne7 {[%clk 0:01:59]} 27. Nc2 {[%clk 0:08:56]} Nexd5
{[%clk 0:01:23]} 28. Nxd5 {[%clk 0:08:18]} Nxd5 {[%clk 0:01:32]} 29. Re1
{[%clk 0:08:14]} Rxe1 {[%clk 0:01:15]} 30. Qxe1 {[%clk 0:08:21]} Ne7
{[%clk 0:00:56]} 31. Nd4 {[%clk 0:06:32]} Bxg2 {[%clk 0:01:03]} 32. Kxg2
{[%clk 0:06:41]} Qb7+ {[%clk 0:00:56]} 33. Kh2 {[%clk 0:06:48]} Qd5
{[%clk 0:00:53]} 34. Qc3 {[%clk 0:05:05]} Nf5 {[%clk 0:00:43]} 35. Nxf5
{[%clk 0:04:02]} Qxf5 {[%clk 0:00:52]} 36. Qd2 {[%clk 0:03:43]} h5
{[%clk 0:00:54]} 37. a4 {[%clk 0:03:48]} Qe6 {[%clk 0:00:35]} 38. axb5
{[%clk 0:03:36]} axb5 {[%clk 0:00:44]} 39. Qd3 {[%clk 0:03:45]} b4
{[%clk 0:00:43]} 40. Bc1 {[%clk 0:03:09]} d5 {[%clk 0:00:38]} 41. Be3
{[%clk 0:03:16]} Qe4 {[%clk 0:00:31]} 42. Qd2 {[%clk 0:03:07]} Qf3
{[%clk 0:00:25]} 43. Qd4 {[%clk 0:02:03]} Qe4 {[%clk 0:00:17]} 44. Qxe4
{[%clk 0:01:49]} dxe4 {[%clk 0:00:25]} 45. g4 {[%clk 0:01:59]} hxg4
{[%clk 0:00:30]} 46. hxg4 {[%clk 0:02:08]} f6 {[%clk 0:00:35]} 47. Kg3
{[%clk 0:02:11]} Bd6 {[%clk 0:00:43]} 48. Kf2 {[%clk 0:02:01]} Kf7
{[%clk 0:00:52]} 49. f5 {[%clk 0:02:04]} g6 {[%clk 0:00:46]} 50. Bb6
{[%clk 0:02:07]} Bf4 {[%clk 0:00:50]} 51. Ke2 {[%clk 0:01:27]} gxf5
{[%clk 0:00:54]} 52. gxf5 {[%clk 0:01:37]} Kg7 {[%clk 0:01:01]} 53. Bd8
{[%clk 0:01:36]} Bc1 {[%clk 0:00:58]} 54. Be7 {[%clk 0:01:41]} Bf4
{[%clk 0:00:21]} 55. Bd8 {[%clk 0:01:07]} 1/2-1/2

[Event "Russian Championship (Rapid, Women)"]
[Site "Sochi"]
[Date "2018.10.06"]
[Round "10.5"]
[White "Maltsevskaya, Aleksandra"]
[Black "Bodnaruk, Anastasia"]
[Result "1-0"]
[BlackElo "2479"]
[WhiteElo "2194"]
[LiveChessVersion "1.4.8"]

1. e4 {[%clk 0:15:18]} c5 {[%clk 0:15:20]} 2. Nf3 {[%clk 0:15:25]} d6
{[%clk 0:15:29]} 3. d4 {[%clk 0:15:31]} cxd4 {[%clk 0:15:38]} 4. Nxd4
{[%clk 0:15:40]} Nf6 {[%clk 0:15:47]} 5. Nc3 {[%clk 0:15:48]} a6 {[%clk 0:15:56]}
6. h3 {[%clk 0:15:42]} e6 {[%clk 0:15:46]} 7. g4 {[%clk 0:15:47]} h6
{[%clk 0:15:45]} 8. Bg2 {[%clk 0:15:11]} Nfd7 {[%clk 0:15:44]} 9. Qe2
{[%clk 0:14:59]} g5 {[%clk 0:15:34]} 10. Be3 {[%clk 0:14:06]} Nc6
{[%clk 0:15:38]} 11. O-O-O {[%clk 0:14:01]} Nce5 {[%clk 0:12:21]} 12. Kb1
{[%clk 0:13:52]} b5 {[%clk 0:12:05]} 13. f4 {[%clk 0:13:37]} gxf4
{[%clk 0:12:00]} 14. Bxf4 {[%clk 0:13:45]} Bb7 {[%clk 0:11:47]} 15. Rhf1
{[%clk 0:13:25]} Qa5 {[%clk 0:11:33]} 16. Nb3 {[%clk 0:07:15]} Qc7
{[%clk 0:11:33]} 17. a3 {[%clk 0:07:23]} Nc4 {[%clk 0:10:52]} 18. Qe1
{[%clk 0:06:21]} O-O-O {[%clk 0:10:19]} 19. a4 {[%clk 0:05:25]} bxa4
{[%clk 0:05:00]} 20. Nxa4 {[%clk 0:05:33]} Kb8 {[%clk 0:04:57]} 21. Rf3
{[%clk 0:05:01]} Bg7 {[%clk 0:02:59]} 22. Qb4 {[%clk 0:02:22]} a5
{[%clk 0:01:57]} 23. Nxa5 {[%clk 0:01:50]} Qxa5 {[%clk 0:01:23]} 24. Qxc4
{[%clk 0:01:55]} Ne5 {[%clk 0:01:00]} 25. Bxe5 {[%clk 0:01:33]} Bxe5
{[%clk 0:01:09]} 26. Rxf7 {[%clk 0:01:20]} Rc8 {[%clk 0:00:57]} 27. Qb3
{[%clk 0:01:24]} Rc7 {[%clk 0:01:03]} 28. Rxc7 {[%clk 0:01:18]} Qxc7
{[%clk 0:01:12]} 29. Qxe6 {[%clk 0:01:15]} Rc8 {[%clk 0:00:39]} 30. Qb3
{[%clk 0:01:24]} Qa5 {[%clk 0:00:30]} 31. Nb6 {[%clk 0:00:40]} Rc6
{[%clk 0:00:20]} 32. Nd7+ {[%clk 0:00:18]} Ka7 {[%clk 0:00:17]} 33. Nxe5
{[%clk 0:00:27]} Qxe5 {[%clk 0:00:24]} 34. Rd5 {[%clk 0:00:26]} Qh2
{[%clk 0:00:19]} 35. Ra5+ {[%clk 0:00:16]} Kb8 {[%clk 0:00:18]} 36. Qf3
{[%clk 0:00:12]} Qg1+ {[%clk 0:00:18]} 37. Qf1 {[%clk 0:00:21]} Qd4
{[%clk 0:00:15]} 38. Rb5 {[%clk 0:00:17]} Ka7 {[%clk 0:00:14]} 39. Qf7
{[%clk 0:00:18]} Rb6 40. Rxb6 {[%clk 0:00:23]} Kxb6 {[%clk 0:00:22]} 41. Qb3+
{[%clk 0:00:15]} Ka7 {[%clk 0:00:31]} 42. Qa3+ {[%clk 0:00:24]} Kb8
{[%clk 0:00:39]} 43. Qf3 {[%clk 0:00:31]} Bc6 {[%clk 0:00:28]} 44. Qb3+
{[%clk 0:00:17]} Kc7 {[%clk 0:00:33]} 45. Qf7+ {[%clk 0:00:24]} Kb6
{[%clk 0:00:41]} 46. Qf3 {[%clk 0:00:28]} Qg1+ {[%clk 0:00:38]} 47. Qf1
{[%clk 0:00:31]} Qe3 {[%clk 0:00:30]} 48. Qc1 {[%clk 0:00:19]} Qf2
{[%clk 0:00:29]} 49. Qf1 {[%clk 0:00:28]} Qe3 {[%clk 0:00:36]} 50. Qf3
{[%clk 0:00:36]} Qe1+ {[%clk 0:00:23]} 51. Ka2 {[%clk 0:00:45]} Kc7
{[%clk 0:00:21]} 52. c3 {[%clk 0:00:30]} Kb6 {[%clk 0:00:17]} 53. Qf6
{[%clk 0:00:29]} Qe2 {[%clk 0:00:17]} 54. Bf1 {[%clk 0:00:17]} Qxe4
{[%clk 0:00:17]} 55. Qxd6 {[%clk 0:00:24]} Qa4+ {[%clk 0:00:17]} 56. Qa3
{[%clk 0:00:17]} Qd1 {[%clk 0:00:18]} 57. Qb3+ {[%clk 0:00:22]} Qxb3+
{[%clk 0:00:25]} 58. Kxb3 {[%clk 0:00:31]} Kc5 {[%clk 0:00:34]} 59. Kc2
{[%clk 0:00:38]} Bd7 {[%clk 0:00:40]} 60. b4+ {[%clk 0:00:46]} Kd5
{[%clk 0:00:48]} 61. c4+ {[%clk 0:00:48]} Kd4 {[%clk 0:00:57]} 62. c5
{[%clk 0:00:56]} Be8 {[%clk 0:01:00]} 63. h4 {[%clk 0:00:53]} Bd7
{[%clk 0:00:35]} 64. g5 {[%clk 0:00:58]} hxg5 {[%clk 0:00:44]} 65. hxg5
{[%clk 0:01:07]} Bf5+ {[%clk 0:00:53]} 66. Kb3 {[%clk 0:01:10]} Kd5
{[%clk 0:00:53]} 67. Bg2+ {[%clk 0:01:14]} Kd4 {[%clk 0:00:58]} 68. c6
{[%clk 0:01:21]} Ke5 {[%clk 0:01:06]} 69. b5 {[%clk 0:01:25]} Kd6
{[%clk 0:01:15]} 70. Kb4 {[%clk 0:01:34]} 1-0

[Event "Russian Championship (Rapid, Women)"]
[Site "Sochi"]
[Date "2018.10.06"]
[Round "10.6"]
[White "Baraeva, Marina"]
[Black "Kashlinskaya, Alina"]
[Result "0-1"]
[BlackElo "2353"]
[WhiteElo "2204"]
[LiveChessVersion "1.4.8"]

1. d4 {[%clk 0:15:20]} Nf6 {[%clk 0:15:19]} 2. c4 {[%clk 0:15:27]} g6
{[%clk 0:15:28]} 3. Nc3 {[%clk 0:15:36]} Bg7 {[%clk 0:15:37]} 4. e4
{[%clk 0:15:44]} d6 {[%clk 0:15:46]} 5. Be2 {[%clk 0:15:53]} O-O {[%clk 0:15:53]}
6. Nf3 {[%clk 0:16:02]} Nbd7 {[%clk 0:15:54]} 7. O-O {[%clk 0:16:06]} e5
{[%clk 0:16:03]} 8. Be3 {[%clk 0:15:51]} Re8 {[%clk 0:16:08]} 9. d5
{[%clk 0:15:59]} Nh5 {[%clk 0:16:07]} 10. Ne1 {[%clk 0:15:52]} Nf4
{[%clk 0:16:11]} 11. Nd3 {[%clk 0:15:40]} Nxe2+ {[%clk 0:15:45]} 12. Qxe2
{[%clk 0:15:37]} f5 {[%clk 0:15:52]} 13. f3 {[%clk 0:15:46]} Nf6 {[%clk 0:15:18]}
14. Kh1 {[%clk 0:15:12]} f4 {[%clk 0:15:15]} 15. Bf2 {[%clk 0:15:16]} g5
{[%clk 0:15:16]} 16. c5 {[%clk 0:15:21]} Re7 {[%clk 0:14:13]} 17. Rac1
{[%clk 0:15:07]} Qe8 {[%clk 0:14:04]} 18. cxd6 {[%clk 0:13:27]} cxd6 19. Rc2 Bd7
{[%clk 0:13:14]} 20. Rfc1 {[%clk 0:13:22]} g4 {[%clk 0:10:54]} 21. Nd1
{[%clk 0:13:11]} Qh5 {[%clk 0:08:27]} 22. Rc7 {[%clk 0:12:52]} b6
{[%clk 0:07:35]} 23. Nb4 {[%clk 0:12:13]} Rf7 {[%clk 0:07:07]} 24. Nc6
{[%clk 0:12:03]} gxf3 {[%clk 0:07:08]} 25. gxf3 {[%clk 0:10:47]} Nxe4
{[%clk 0:04:21]} 26. Qxe4 {[%clk 0:10:22]} Bf5 {[%clk 0:04:30]} 27. Ne7+
{[%clk 0:10:26]} Rxe7 {[%clk 0:04:38]} 28. Qe2 {[%clk 0:10:32]} Rxc7
{[%clk 0:04:42]} 29. Rxc7 {[%clk 0:10:40]} e4 {[%clk 0:04:43]} 30. Nc3
{[%clk 0:09:44]} Re8 {[%clk 0:04:36]} 31. Rc4 {[%clk 0:09:06]} exf3
{[%clk 0:04:21]} 32. Qf1 {[%clk 0:09:12]} Bh3 {[%clk 0:04:17]} 33. Qd1
{[%clk 0:09:15]} Qg4 {[%clk 0:04:20]} 34. Bg3 {[%clk 0:09:16]} f2
{[%clk 0:03:52]} 0-1

[Event "Russian Championship (Rapid, Women)"]
[Site "Sochi"]
[Date "2018.10.06"]
[Round "10.7"]
[White "Kovanova, Baira"]
[Black "Belenkaya, Dina"]
[Result "1/2-1/2"]
[BlackElo "2204"]
[WhiteElo "2317"]
[LiveChessVersion "1.4.8"]

1. c4 {[%clk 0:15:19]} e5 {[%clk 0:15:18]} 2. Nc3 {[%clk 0:15:28]} Nc6
{[%clk 0:15:26]} 3. g3 {[%clk 0:15:35]} Bc5 {[%clk 0:15:32]} 4. Bg2
{[%clk 0:15:39]} a6 {[%clk 0:15:36]} 5. e3 {[%clk 0:15:47]} d6 {[%clk 0:15:45]}
6. Nge2 {[%clk 0:15:55]} Ba7 {[%clk 0:15:49]} 7. O-O {[%clk 0:16:00]} Nge7
{[%clk 0:15:57]} 8. d4 {[%clk 0:15:53]} O-O {[%clk 0:15:54]} 9. h3
{[%clk 0:15:27]} Bf5 {[%clk 0:14:48]} 10. d5 {[%clk 0:12:51]} Nb8
{[%clk 0:14:54]} 11. e4 {[%clk 0:12:16]} Bc8 {[%clk 0:15:01]} 12. b4
{[%clk 0:10:57]} a5 {[%clk 0:14:32]} 13. bxa5 {[%clk 0:09:24]} Bc5
{[%clk 0:14:19]} 14. Na4 {[%clk 0:09:23]} Nd7 {[%clk 0:13:52]} 15. Bd2
{[%clk 0:08:20]} Ba7 {[%clk 0:13:53]} 16. Bb4 {[%clk 0:08:03]} f5
{[%clk 0:13:47]} 17. exf5 {[%clk 0:07:28]} Nxf5 {[%clk 0:13:55]} 18. Rc1 Qe7
{[%clk 0:12:20]} 19. Qc2 {[%clk 0:06:07]} Nd4 {[%clk 0:10:24]} 20. Nxd4
{[%clk 0:06:12]} Bxd4 {[%clk 0:10:31]} 21. c5 {[%clk 0:06:02]} Qf6
{[%clk 0:08:01]} 22. cxd6 {[%clk 0:05:09]} cxd6 {[%clk 0:08:01]} 23. Bc3
{[%clk 0:04:34]} Ba7 {[%clk 0:07:50]} 24. Qb2 {[%clk 0:04:10]} Qg6
{[%clk 0:06:59]} 25. Kh2 {[%clk 0:03:35]} Qh6 {[%clk 0:04:14]} 26. Bd2
{[%clk 0:02:41]} Qg6 27. Be3 {[%clk 0:02:49]} Bxe3 {[%clk 0:02:47]} 28. fxe3
{[%clk 0:02:54]} Rxf1 29. Rxf1 {[%clk 0:02:54]} Rxa5 {[%clk 0:01:05]} 30. Nb6
{[%clk 0:01:10]} Qe8 31. Qb4 {[%clk 0:01:12]} Rc5 {[%clk 0:01:11]} 32. Na4
{[%clk 0:01:12]} Rc2 {[%clk 0:01:10]} 33. Qxd6 {[%clk 0:00:23]} Nf6
{[%clk 0:01:12]} 34. Kg1 {[%clk 0:00:20]} Qxa4 35. Qxe5 {[%clk 0:00:24]} Qxa2
{[%clk 0:01:02]} 36. Be4 {[%clk 0:00:31]} Re2 {[%clk 0:00:22]} 37. Rxf6
{[%clk 0:00:31]} gxf6 {[%clk 0:00:26]} 38. Qe8+ {[%clk 0:00:39]} Kg7
{[%clk 0:00:32]} 39. Qe7+ {[%clk 0:00:48]} Kg8 {[%clk 0:00:50]} 40. Qe8+
{[%clk 0:00:43]} Kg7 {[%clk 0:00:59]} 1/2-1/2

[Event "Russian Championship (Rapid, Women)"]
[Site "Sochi"]
[Date "2018.10.06"]
[Round "10.8"]
[White "Nebolsina, Vera"]
[Black "Tomilova, Elena"]
[Result "1/2-1/2"]
[BlackElo "2275"]
[WhiteElo "2157"]
[LiveChessVersion "1.4.8"]

1. e4 {[%clk 0:15:17]} e6 {[%clk 0:15:19]} 2. d4 {[%clk 0:15:23]} d5
{[%clk 0:15:28]} 3. exd5 {[%clk 0:15:31]} exd5 {[%clk 0:15:37]} 4. Nf3
{[%clk 0:15:39]} Nc6 {[%clk 0:15:44]} 5. c3 {[%clk 0:15:43]} Bd6 {[%clk 0:15:38]}
6. Bd3 {[%clk 0:15:49]} Bg4 {[%clk 0:15:30]} 7. O-O {[%clk 0:15:44]} Nge7
{[%clk 0:15:11]} 8. h3 {[%clk 0:15:31]} Bh5 {[%clk 0:15:02]} 9. Re1
{[%clk 0:14:17]} Qd7 {[%clk 0:14:09]} 10. Nbd2 {[%clk 0:13:53]} f6
{[%clk 0:13:46]} 11. Qc2 {[%clk 0:13:52]} O-O-O {[%clk 0:13:34]} 12. Nh4
{[%clk 0:13:06]} Kb8 {[%clk 0:12:44]} 13. Nf1 {[%clk 0:11:30]} g5
{[%clk 0:11:59]} 14. Nf5 {[%clk 0:11:33]} Nxf5 {[%clk 0:12:03]} 15. Bxf5
{[%clk 0:11:41]} Qg7 {[%clk 0:12:04]} 16. Bd2 {[%clk 0:10:03]} Ne7
{[%clk 0:11:54]} 17. Ne3 {[%clk 0:09:07]} Bg6 {[%clk 0:11:47]} 18. Bd3
{[%clk 0:07:25]} f5 {[%clk 0:10:38]} 19. Nxf5 {[%clk 0:06:43]} Bxf5
{[%clk 0:10:18]} 20. Bxf5 {[%clk 0:06:51]} Rdf8 {[%clk 0:08:52]} 21. Be6
{[%clk 0:06:46]} h5 {[%clk 0:08:19]} 22. c4 {[%clk 0:05:56]} dxc4
{[%clk 0:06:37]} 23. d5 {[%clk 0:04:27]} Rh7 {[%clk 0:05:55]} 24. Qxc4
{[%clk 0:03:57]} g4 {[%clk 0:05:28]} 25. h4 {[%clk 0:03:26]} Qf6 {[%clk 0:05:18]}
26. Be3 {[%clk 0:03:30]} Qxh4 {[%clk 0:05:15]} 27. Qd4 {[%clk 0:03:28]} b6
{[%clk 0:05:09]} 28. Qe4 {[%clk 0:03:00]} Qh2+ {[%clk 0:02:36]} 29. Kf1
{[%clk 0:03:09]} Rhh8 {[%clk 0:02:40]} 30. Ke2 {[%clk 0:03:04]} Qe5
{[%clk 0:01:58]} 31. Qxe5 {[%clk 0:03:01]} Bxe5 {[%clk 0:02:07]} 32. Rab1
{[%clk 0:03:04]} Nf5 {[%clk 0:01:59]} 33. Kd3 {[%clk 0:02:43]} Bg7
{[%clk 0:01:23]} 34. b4 {[%clk 0:01:59]} h4 {[%clk 0:01:19]} 35. Bd7
{[%clk 0:01:24]} Rf7 {[%clk 0:00:55]} 36. Bc6 {[%clk 0:01:02]} h3
{[%clk 0:00:50]} 37. gxh3 {[%clk 0:00:57]} gxh3 {[%clk 0:00:46]} 38. a4
{[%clk 0:00:35]} Nd6 {[%clk 0:00:44]} 39. a5 {[%clk 0:00:38]} h2 {[%clk 0:00:38]}
40. axb6 {[%clk 0:00:45]} cxb6 {[%clk 0:00:46]} 41. Bc5 {[%clk 0:00:39]} Kc7
{[%clk 0:00:34]} 42. Bxd6+ {[%clk 0:00:35]} Kxd6 {[%clk 0:00:44]} 43. Re6+
{[%clk 0:00:40]} Kc7 {[%clk 0:00:53]} 44. b5 {[%clk 0:00:48]} Bf8
{[%clk 0:00:41]} 45. Ra1 {[%clk 0:00:51]} a5 {[%clk 0:00:42]} 46. bxa6
{[%clk 0:00:57]} h1=Q {[%clk 0:00:31]} 47. Rxh1 {[%clk 0:01:05]} Rxh1
{[%clk 0:00:40]} 48. a7 {[%clk 0:01:14]} Ra1 {[%clk 0:00:41]} 49. a8=Q
{[%clk 0:01:22]} Rxa8 {[%clk 0:00:49]} 50. Bxa8 {[%clk 0:01:30]} 1/2-1/2

[Event "Russian Championship (Rapid, Women)"]
[Site "Sochi"]
[Date "2018.10.06"]
[Round "10.9"]
[White "Maletina, Tatiana"]
[Black "Vasilevich, Irina"]
[Result "1/2-1/2"]
[BlackElo "2226"]
[WhiteElo "2246"]
[LiveChessVersion "1.4.8"]

1. d4 {[%clk 0:15:18]} e6 {[%clk 0:15:16]} 2. c4 {[%clk 0:15:24]} Bb4+
{[%clk 0:15:24]} 3. Bd2 {[%clk 0:15:28]} Qe7 {[%clk 0:15:33]} 4. Nc3
{[%clk 0:15:35]} f5 {[%clk 0:15:26]} 5. g3 {[%clk 0:15:10]} Nf6 {[%clk 0:15:21]}
6. Bg2 {[%clk 0:15:18]} Nc6 {[%clk 0:14:44]} 7. a3 {[%clk 0:15:03]} Bxc3
{[%clk 0:14:29]} 8. Bxc3 {[%clk 0:15:11]} d6 {[%clk 0:13:11]} 9. Nf3
{[%clk 0:15:15]} Ne4 {[%clk 0:12:54]} 10. d5 {[%clk 0:13:57]} Nxc3
{[%clk 0:12:33]} 11. bxc3 {[%clk 0:14:05]} Ne5 {[%clk 0:11:55]} 12. O-O
{[%clk 0:14:08]} Nxf3+ {[%clk 0:11:42]} 13. exf3 {[%clk 0:13:28]} e5
{[%clk 0:09:46]} 14. f4 {[%clk 0:13:36]} O-O {[%clk 0:09:48]} 15. Re1
{[%clk 0:13:32]} Qf6 {[%clk 0:09:41]} 16. Qd2 {[%clk 0:12:32]} exf4
{[%clk 0:04:43]} 17. gxf4 {[%clk 0:12:39]} b6 {[%clk 0:04:16]} 18. Re3
{[%clk 0:12:33]} Ba6 {[%clk 0:04:14]} 19. Re6 {[%clk 0:12:13]} Qh4
{[%clk 0:04:17]} 20. Qd4 {[%clk 0:11:48]} Rf7 {[%clk 0:02:51]} 21. Rae1
{[%clk 0:11:55]} Raf8 {[%clk 0:03:00]} 22. R1e3 {[%clk 0:11:38]} Bc8
{[%clk 0:03:00]} 23. Rh3 {[%clk 0:11:01]} Qd8 {[%clk 0:03:04]} 24. Ree3
{[%clk 0:11:07]} Bd7 {[%clk 0:02:50]} 25. Rhg3 {[%clk 0:10:46]} Qf6
{[%clk 0:02:55]} 26. Qd1 {[%clk 0:08:29]} Re8 {[%clk 0:02:47]} 27. Qd3
{[%clk 0:07:59]} Rfe7 {[%clk 0:02:43]} 28. Bh3 {[%clk 0:07:31]} Re4
{[%clk 0:02:19]} 29. Bg2 {[%clk 0:06:43]} R4e7 {[%clk 0:02:03]} 30. Qd4
{[%clk 0:05:54]} Qxd4 {[%clk 0:01:20]} 31. cxd4 {[%clk 0:06:02]} Kf7
{[%clk 0:01:09]} 32. Rxe7+ {[%clk 0:05:52]} Rxe7 {[%clk 0:01:17]} 33. Re3
{[%clk 0:06:01]} Ba4 {[%clk 0:01:12]} 34. Bf3 {[%clk 0:06:02]} g6
{[%clk 0:00:43]} 35. Kf1 {[%clk 0:05:49]} Bc2 {[%clk 0:00:39]} 36. Be2
{[%clk 0:05:52]} Kf6 {[%clk 0:00:31]} 37. h4 {[%clk 0:05:44]} h6 {[%clk 0:00:36]}
38. Kg2 {[%clk 0:05:44]} Be4+ {[%clk 0:00:38]} 39. Kg3 {[%clk 0:05:12]} Bc2
{[%clk 0:00:27]} 40. Bf1 {[%clk 0:04:55]} Be4 {[%clk 0:00:30]} 41. Be2
{[%clk 0:05:02]} Bc2 {[%clk 0:00:39]} 42. Bf1 {[%clk 0:05:10]} Be4
{[%clk 0:00:29]} 43. Be2 {[%clk 0:05:19]} Ke5 1/2-1/2